Faculty of Law Library — Cairo University

Official Online Catalog

العقوبات التأديبية للعاملين المدنيين بالدولة والقطاع العام وذوى الكادرات الخاصة : (Record no. 52464)

MARC details
000 -LEADER
fixed length control field 01336nam a2200289 i 4500
003 - CONTROL NUMBER IDENTIFIER
control field EG-GICUC
005 - DATE AND TIME OF LATEST TRANSACTION
control field 20260121101537.0
008 - FIXED-LENGTH DATA ELEMENTS--GENERAL INFORMATION
fixed length control field 251224s1982 ua ||||f |||| 00| 0 ara d
040 ## - CATALOGING SOURCE
Original cataloging agency EG-GICUC
Language of cataloging ara
Transcribing agency EG-GICUC
Modifying agency EG-GICUC
Description conventions rda
041 0# - LANGUAGE CODE
Language code of text/sound track or separate title ara
082 04 - DEWEY DECIMAL CLASSIFICATION NUMBER
Edition number 21
Classification number 345.45712
Item number ع ب . ع
092 04 - LOCALLY ASSIGNED DEWEY CALL NUMBER (OCLC)
Edition number 21
099 ## - LOCAL FREE-TEXT CALL NUMBER (OCLC)
Classification number Law1 07 345.45712 ع ب . ع 1982
100 0# - MAIN ENTRY--PERSONAL NAME
Personal name عبد الوهاب البنداري
Relator term مؤلف.
245 12 - TITLE STATEMENT
Title العقوبات التأديبية للعاملين المدنيين بالدولة والقطاع العام وذوى الكادرات الخاصة :
Remainder of title دراسة فقهية قضائية وفقا لأحدث التشريعات وآراء الفقه وأحكام القضاء وفتاوي مجلس الدولة /
Statement of responsibility, etc. عبد الوهاب البنداري.
264 #1 - PRODUCTION, PUBLICATION, DISTRIBUTION, MANUFACTURE, AND COPYRIGHT NOTICE
Place of production, publication, distribution, manufacture القاهرة :
Name of producer, publisher, distributor, manufacturer دار الفكر العربى,
Date of production, publication, distribution, manufacture, or copyright notice 1982.
300 ## - PHYSICAL DESCRIPTION
Extent 608 ؛ صفحة
Dimensions 24 سم
336 ## - CONTENT TYPE
Source rda content
Content type term text
337 ## - MEDIA TYPE
Source rda media
Media type term Computer
338 ## - CARRIER TYPE
Source rda carrier
Carrier type term Online Resource
504 ## - BIBLIOGRAPHY, ETC. NOTE
Bibliography, etc. note يحتوي على ارجاعات ببليوجرافية<br/><br/><br/>
546 ## - LANGUAGE NOTE
Language note النص باللغة العربية
650 14 - SUBJECT ADDED ENTRY--TOPICAL TERM
Topical term or geographic name entry element العقوبة التاديبية
General subdivision القانون الاداري
856 40 - ELECTRONIC LOCATION AND ACCESS
Uniform Resource Identifier <a href="https://fll.law.cu.edu.eg/fulltext/bks/B07-01537.pdf">https://fll.law.cu.edu.eg/fulltext/bks/B07-01537.pdf</a>
905 ## - Cataloger and Reviser Names
Cataloger Name: Rawan khaled
942 ## - ADDED ENTRY ELEMENTS (KOHA)
Source of classification or shelving scheme Dewey Decimal Classification
Koha item type Books
Edition 21
Suppress in OPAC No
Holdings
Withdrawn status Lost status Source of classification or shelving scheme Damaged status Not for loan Collection Home library Current library Date acquired Total checkouts Full call number Barcode Date last seen Copy number Price effective from Koha item type
    Dewey Decimal Classification   Not for loan القانون الإداري جــــامعة القــاهرة مكتبة كلية الحقوق - المبنى الرئيسي 24.12.2025   Law1 07 345.45712 ع ب . ع 1982 0701537 C1 B07-01537 24.12.2025 1 24.12.2025 Books
    Dewey Decimal Classification     القانون الإداري جــــامعة القــاهرة مكتبة كلية الحقوق - المبنى الرئيسي 06.01.2026   Law1 07 345.45712 ع ب . ع 1982 0701611 C2 B07-01611 06.01.2026 2 06.01.2026 Books
    Dewey Decimal Classification     القانون الإداري جــــامعة القــاهرة مكتبة كلية الحقوق - فـرع الشيخ زايد 06.01.2026   Law2 07 345.45712 ع ب . ع 1982 0701353 C3 B07-01353 06.01.2026 3 06.01.2026 Books

© All rights reserved — Faculty of Law, Cairo University